La modification de l'obligation par la volonté des parties: étude de droit civil francais

محفوظ في:
التفاصيل البيبلوغرافية
المؤلف الرئيسي: Ghozi, Alain (مؤلف)
التنسيق: كتاب
اللغة:الفرنسية
منشور في: París Librairie Generale de Droit et de Jurisprudence 1980
سلاسل:Bibliothèque de Droit Privé, 166
الموضوعات:
الوسوم: إضافة وسم
لا توجد وسوم, كن أول من يضع وسما على هذه التسجيلة!

MARC

LEADER 00000nam a2200000 a 4500
001 UCS1113
003 CL-VaPUC
008 970509e19800000FR |||||||||||||||||fre|d
082 0 4 |a 346.02  |b GHO  |2 21 
100 0 |a Ghozi, Alain  |e author  |9 385221 
245 1 3 |a La modification de l'obligation par la volonté des parties: étude de droit civil francais 
300 |a 274 p 
942 |c BK 
945 |d 19970509 00:00:00  |a cmena 
260 |a París  |b Librairie Generale de Droit et de Jurisprudence  |c 1980 
650 0 |a Obligaciones   |9 255578 
650 0 |a Voluntad  |9 307812 
650 0 |a Derecho civil  |9 255013 
650 0 |a Derecho francés  |9 385145 
650 7 |a NOVACION  |2 CL-VaPUC  |9 385222 
650 7 |a LITIGIO  |2 CL-VaPUC  |9 384222 
650 0 |a Procedimiento civil  |9 254870 
651 0 |a Francia  |9 255157 
583 |a last modification  |c 19970509 00:00:00  |k Rodrigo Vera 
490 0 |a Bibliothèque de Droit Privé, 166 
999 |c 259218  |d 259216 
952 |0 0  |1 0  |4 0  |6 346_020000000000000_GHO_1980  |7 0  |8 A  |9 283845  |a BIBDER  |b BIBDER  |d 2019-11-19  |i 1844164  |o 346.02 GHO 1980  |p 1844164  |r 2023-01-25  |w 2019-11-19  |y BK  |k DER